[Event "3rd Norway Blitz 2015"]
[Site "Stavanger NOR"]
[Date "2015.06.15"]
[Round "9.4"]
[White "Carlsen, Magnus"]
[Black "Hammer, Jon Ludvig"]
[Result "1-0"]
[WhiteTitle "GM"]
[BlackTitle "GM"]
[WhiteElo "2876"]
[BlackElo "2677"]
[WhiteFideId "1503014"]
[BlackFideId "1503707"]
[EventDate "2015.06.15"]

1. d4 d5 2. c4 e6 3. Nc3 c6 4. e3 Nf6 5. b3 Bb4 6. Bb2 Qa5 7. Qc1 Ne4 8. Ne2 c5
9. a3 Bxc3+ 10. Nxc3 cxd4 11. b4 Qc7 12. Nxe4 dxe4 13. Bxd4 O-O 14. Be2 Nc6 15.
Bb2 b6 16. O-O Bb7 17. c5 bxc5 18. Qxc5 Qe7 19. Rac1 Qxc5 20. Rxc5 Rfd8 21. b5
Na5 22. Rd1 Rxd1+ 23. Bxd1 Rd8 24. Bc2 Bd5 25. a4 Bb3 26. h4 Bxc2 27. Rxc2 h5
28. Bd4 Nb3 29. Bxa7 Rd1+ 30. Kh2 Ra1 31. b6 Na5 32. Rc5 Rxa4 33. Rxa5 Rxa5 34.
b7 Rb5 35. b8=Q+ Rxb8 36. Bxb8 f6 37. Kg3 e5 38. f4 exf3 39. Kxf3 Kf7 40. e4 Ke6
41. g4 hxg4+ 42. Kxg4 g6 43. Ba7 Kf7 44. h5 f5+ 45. exf5 gxf5+ 46. Kxf5 Kg7 47.
Be3 Kh7 48. Kxe5 Kg7 49. Kf5 Kh7 50. Kf6 Kh8 51. Kg6 Kg8 52. Bc5 Kh8 53. h6 Kg8
54. h7+ Kh8 55. Bd4# 1-0